00547nam a2200193Ia 4500008004100000020001300041082000800054100002700062245003600089250000600125260003300131300001000164500002400174650001200198700002900210942000700239952009000246999001700336230524s9999 xx 000 0 und d a81265041 bGOO aJames Goodwill 942688 0aProfessional Jakarta Struts 1.1 a1 aNew DelhibWiley Indiac2012 a419p; aQuantity Number: 1 aComp-Sc aRichard Hightower942689 cBK 00104070aTATCLbTATCLcGENd2023-05-24l0o GOOp54042r2023-05-24w2023-05-24yBK c57679d57679